| 000 | 00929cam a22002894a 4500 | ||
|---|---|---|---|
| 001 | 2628896 | ||
| 005 | 20180310024406.0 | ||
| 008 | 990308s1999 caua b 001 0 eng | ||
| 010 | _a 99006231 | ||
| 020 | _a0761912843 (acidfree paper) | ||
| 020 | _a0761912851 (acidfree paper) | ||
| 035 | _a(DLC) 99006231 | ||
| 040 |
_aDLC _cDLC _dDLC |
||
| 041 | _aeng | ||
| 042 | _apcc | ||
| 043 | _an-us--- | ||
| 080 | _a302.2345 | ||
| 082 | 0 | 0 |
_a302.2345 MAC _221 |
| 100 | _a20 | ||
| 101 | _aSHP | ||
| 245 | 0 | 0 |
_aAdvertising to children : _cM. Carole Macklin, Les Carlson, editors. |
| 504 | _aIncludes bibliographical references and index. | ||
| 906 |
_a7 _bcbc _corignew _d1 _eecip _f19 _gy-gencatlg |
||
| 942 |
_2ddc _cBK |
||
| 999 |
_c44647 _d44647 |
||